000 00858nam a2200265Ia 4500
003 OSt
005 20221005065220.0
006 a|||||r|||| 00| 0
007 ta
008 221004b |||||||| |||| 00| 0 eng d
020 _a0262122111 (hbk)
_c3295
024 _a100352
037 _b056, 25/09/2009, Anshika Book International Publishers & Distributors
_cTextual
040 _aCRL
_cCRL
_beng
041 _2eng
_aeng
082 _aG:55, N8
100 _aLitfin Karen T. Ed.
_9604557
245 0 _aGreening of sovereignty in world politics
260 _aMassachusetts
_bMIT
_c1998
300 _axvi,344p.
_ccm.
490 _aGlobal enviornmental accord
650 _aBIOLOGY
942 _hG:55, N8
_cTEXL
_2cc
999 _c974188
_d974188